00833nam a2200205 a 450000100100000000500170001000800410002704000250006808200150009310000270010824501150013524600520025026000430030230000360034550400310038159000460041270000390045895201130049799900170061000002025620200929170332.0100802s1972 ve ac 000 0 spa d aDO-SdBNPbspacBNPHU aXXXXbxxxx1 aBoulton, Alfredo9676510a20 Retratos del general José Antonio Paez /cAlfredo Boulton ; aportación gráfica Diego Bosque García. aVeinte retratos del general José Antonio Paez aCaracas, Venezuela :bCromotip,c1972. a104 p. :bil., retrs. ;c30 cm. aBibliografía p: 99 - 102 aLa biblioteca posee un ejemplar dedicado.12aBosque García, Diegoeil.942874 001050718MOaGRbGRcCTd2017-03-24iLF1l0oXXXX xxxxp20256-10r2020-06-25w2020-06-25y1ZNo se presta c19760d19760